000 01107njm a2200265 i 4500
001 4593
003 ES-MaACL
005 20250815062556.0
007 s|r|||||||||||
008 041213s1982 sp ||| g ||||||||1|nspa d
100 1 _aThomas, Hugh,
_d1931-2017
_9110019
245 1 0 _aPresentación del libro "Una historia del mundo" de Hugh Thomas
_h[Grabación sonora] /
_cinterviene Hugh Thomas ; introducción de Mario Vargas Llosa.
260 _aMadrid :
_bAteneo de Madrid,
_c1982.
300 _a1 disco (CD-DA) (1 h. 5 min. 23 seg.) ;
_c12 cm.
500 _aDatos basados en invitación.
518 _aActo organizado por el Ateneo de Madrid en colaboración con Ediciones Grijalbo, grabado en el martes 8 de junio de 1982, a las 19:30 h.
610 2 4 _aAteneo de Madrid-
_xActos culturales-
_y1982-
_vGrabaciones sonoras.
_91895
650 7 _aHistoria universal
_2embne
_913429
700 1 _aVargas Llosa, Mario,
_d1936-2025
_9240060
710 2 _aAteneo de Madrid.
_91875
710 2 _aEdiciones Grijalbo.
_93427
852 _aES-MaACL
_jROT 5/1/34
_94710
_cROT
942 _2udc
999 _c4593
_d4593